RICS Practice Alert - Expert Witnesses (Record no. 121966)
[ view plain ]
| 000 -LEADER | |
|---|---|
| fixed length control field | 01396nam a22002297a 4500 |
| 008 - FIXED-LENGTH DATA ELEMENTS--GENERAL INFORMATION | |
| fixed length control field | 240705e20240505xxk|||||o|||| 00| 0 eng d |
| 041 ## - LANGUAGE CODE | |
| Language code of text/sound track or separate title | eng |
| 110 ## - MAIN ENTRY--CORPORATE NAME | |
| Corporate author | Royal Institution of Chartered Surveyors |
| 245 ## - TITLE STATEMENT | |
| Title | RICS Practice Alert - Expert Witnesses |
| Medium | [Email update] |
| 260 ## - PUBLICATION INFORMATION | |
| Place of publication | London, |
| Publisher | Royal Institution of Chartered Surveyors, |
| Date | May 2024 |
| 300 ## - PHYSICAL DESCRIPTION | |
| Physical description | |
| 490 ## - SERIES TITLE | |
| Series statement | RICS Practice Alert |
| 520 ## - ABSTRACT | |
| Abstract | This Alert acts as a reminder to RICS Members of their legal, professional, and regulatory obligations when providing expert witness services. The accompany concordance highlights the connection between the RICS Expert Witness Practice Alert and the RICS Professional Guidance upon which <br/>it is based: RICS Practice Statement and Guidance Note Surveyors Acting as Expert Witnesses, 4th edition, amended February 2023. |
| 650 ## - KEYWORDS | |
| Keywords | DISPUTE RESOLUTION |
| 650 ## - KEYWORDS | |
| Keywords | EXPERT WITNESSES |
| 651 ## - SUBJECT ADDED ENTRY--GEOGRAPHIC NAME | |
| Geographic name | United Kingdom |
| 690 ## - BROAD SUBJECT | |
| Broad subject | Dispute resolution |
| 9 (RLIN) | 6236 |
| 710 ## - ADDED CORPORATE NAME | |
| Added corporate author | Royal Institution of Chartered Surveyors |
| 856 ## - ONLINE RESOURCE | |
| Uniform Resource Identifier | <a href="https://www.rics.org/content/dam/ricsglobal/documents/regulation/Practice-Alert_Expert-Witnesses_February-2024.pdf">https://www.rics.org/content/dam/ricsglobal/documents/regulation/Practice-Alert_Expert-Witnesses_February-2024.pdf</a> |
| Public note | View the online Practice Update |
| 856 ## - ONLINE RESOURCE | |
| Uniform Resource Identifier | <a href="https://www.rics.org/content/dam/ricsglobal/documents/regulation/Professional-Statement-and-Practice-Alert-Concordance_V2.pdf">https://www.rics.org/content/dam/ricsglobal/documents/regulation/Professional-Statement-and-Practice-Alert-Concordance_V2.pdf</a> |
| Public note | Concordance for Expert Witness Practice alert |
| 942 ## - ADDED ENTRY ELEMENTS (KOHA) | |
| Suppress in OPAC | Do not suppress in OPAC |
| Lost status | Source of classification or shelving scheme | Damaged status | Not for loan | Current library | Shelving location | Date acquired | Total Checkouts | Full call number | Date last seen | Price effective from | Koha item type |
|---|---|---|---|---|---|---|---|---|---|---|---|
| Dewey Decimal Classification | Virtual | Online | 08/07/2024 | ONLINE PUBLICATION | 08/07/2024 | 08/07/2024 |